| 000 | 00919nam a2200253Ia 4500 | ||
|---|---|---|---|
| 003 | OSt | ||
| 005 | 20221002043749.0 | ||
| 006 | a|||||r|||| 00| 0 | ||
| 007 | ta | ||
| 008 | 220930b |||||||| |||| 00| 0 hin d | ||
| 020 |
_a8170161304 (hbk) _c3000 |
||
| 024 | _a16834 | ||
| 037 |
_b24019, 27/03/2015, Kitab Ghar _cReference Collections |
||
| 040 |
_aCRL _cCRL _bhin |
||
| 041 |
_2hin _ahin |
||
| 082 | _aO152,3N361x, Q0.1-.3(RR) | ||
| 100 | _aभ्रमर, रामकुमार | ||
| 245 | 0 | _aरामकुमार भ्रमर रचनावली | |
| 260 |
_aनयी _bदिल्ली किताबघर _c2010 |
||
| 490 | _vभाग 3 | ||
| 650 | _aहिन्दी साहित्य | ||
| 942 |
_hO152,3N361x, Q0.1-.3(RR) _cref _2CC |
||
| 999 |
_c908859 _d908859 |
||